[Event "South Carolina op"]
[Site "Greenville"]
[Date "2006.06.25"]
[Round "5"]
[White "Causey, David"]
[Black "Newcomb, Blaine H"]
[Result "1/2-1/2"]
[WhiteElo "1930"]
[BlackElo "1893"]
[PlyCount "71"]
[EventDate "2006.06.23"]
[EventType "swiss"]
[EventRounds "5"]
[EventCountry "USA"]
[SourceTitle "CBM 112 Extra"]
[Source "ChessBase"]
[SourceDate "2006.07.14"]
[SourceVersion "1"]
[SourceVersionDate "2006.07.14"]
[SourceQuality "1"]

1. d4 Nf6 2. c4 e6 3. Nf3 Bb4+ 4. Bd2 Qe7 5. Nc3 0-0 6. g3 b6 7. Bg2 Bb7 8. 0-0 Bxc3 9. Bxc3 Ne4 10. Qc2 f5 11. Rad1 Nc6 12. a3 a5 13. d5 Nd8 14. Ne1 Nxc3 15. Qxc3 d6 16. dxe6 Bxg2 17. Nxg2 Nxe6 18. Ne3 a4 19. Nd5 Qd7 20. e3 Rf7 21. h4 Raf8 22. Kg2 Nc5 23. f3 Re8 24. h5 c6 25. Nf4 Rfe7 26. Qd4 Rd8 27. Rh1 Ne6 28. Nxe6 Qxe6 29. Qxb6 Rde8 30. Rhe1 Qxc4 31. Rxd6 Qc2+ 32. Kg1 f4 33. Rxc6 Qd2 34. Qb4 Qd5 35. Qc4 Qxc4 36. Rxc4 1/2-1/2

[Event "South Carolina op"]
[Site "Greenville"]
[Date "2006.06.24"]
[Round "2"]
[White "Collin, William"]
[Black "Causey, David"]
[Result "0-1"]
[WhiteElo "1710"]
[BlackElo "1930"]
[PlyCount "62"]
[EventDate "2006.06.23"]
[EventType "swiss"]
[EventRounds "5"]
[EventCountry "USA"]
[SourceTitle "CBM 112 Extra"]
[Source "ChessBase"]
[SourceDate "2006.07.14"]
[SourceVersion "1"]
[SourceVersionDate "2006.07.14"]
[SourceQuality "1"]

1. e4 c5 2. Nc3 Nc6 3. Bb5 Na5 4. f4 a6 5. Be2 d6 6. Nf3 Nf6 7. 0-0 g6 8. Qe1 Bg7 9. d3 0-0 10. Bd2 Nc6 11. h3 b5 12. Bd1 b4 13. Ne2 a5 14. Rb1 Ba6 15. b3 e6 16. g4 Rc8 17. f5 exf5 18. gxf5 Qb6 19. Be3 gxf5 20. exf5 Nd5 21. Bd2 c4+ 22. d4 Nxd4 23. Nexd4 Bxd4+ 24. Nxd4 Qxd4+ 25. Kh1 Kh8 26. Rg1 Rg8 27. Bf3 Rce8 28. Rxg8+ Rxg8 29. Rd1 Nc3 30. Be3 Qxd1 31. Bxd1 Bb7+ 0-1

[Event "South Carolina op"]
[Site "Greenville"]
[Date "2006.06.23"]
[Round "1"]
[White "Causey, David"]
[Black "Horwitz, Matthew"]
[Result "1-0"]
[WhiteElo "1930"]
[BlackElo "1796"]
[PlyCount "55"]
[EventDate "2006.06.23"]
[EventType "swiss"]
[EventRounds "5"]
[EventCountry "USA"]
[SourceTitle "CBM 112 Extra"]
[Source "ChessBase"]
[SourceDate "2006.07.14"]
[SourceVersion "1"]
[SourceVersionDate "2006.07.14"]
[SourceQuality "1"]

1. e4 c5 2. Nf3 d6 3. d4 cxd4 4. Nxd4 Nf6 5. Nc3 Nc6 6. Bg5 e6 7. Qd2 Be7 8. 0-0-0 h6 9. Bxf6 gxf6 10. Ndb5 Bd7 11. Nxd6+ Bxd6 12. Qxd6 Rc8 13. Qg3 a6 14. Be2 Ne7 15. Qg7 Rg8 16. Qxf6 Rg6 17. Qd4 Ng8 18. Bh5 Rg5 19. Bxf7+ Ke7 20. Qd6+ Kxf7 21. Qxd7+ Qxd7 22. Rxd7+ Ne7 23. g3 b5 24. Rb7 Rgc5 25. Rd1 Kf6 26. Rdd7 Nc6 27. f4 e5 28. Rd6# 1-0